| 000 | 00863nam a22002297a 4500 | ||
|---|---|---|---|
| 999 |
_c177312 _d177312 |
||
| 005 | 20210407155738.0 | ||
| 010 | _aB-739312-314 B-739721 | ||
| 020 |
_a8186261903 _c495.00 |
||
| 035 | _aB-739312-314 | ||
| 035 | _aB-739721 | ||
| 037 | _bS.K. Publishers | ||
| 037 | _bGift | ||
| 082 | _aS | ||
| 100 | _aBhatia, Roshi | ||
| 245 |
_aAkbar Birbal / _cby Roshi Bhatia |
||
| 260 |
_aNew Delhi _bS.K. Publishers _c2020 |
||
| 270 |
_aA-47, Amar Colony, Lajpat Nagar _bNew Delhi _e110024 |
||
| 300 |
_a159p. _c22cm(Hb) |
||
| 942 |
_2ddc _cCH _hS _mBHA |
||